Statistics for Groups of Things by Example #3

Click here to take the quiz!

General Stats

  • This quiz has been taken 1,659 times
    (1,649 since last reset)
  • The average score is 29 of 80

Answer Stats

Answer% Correct
US Federal Holidays (Labor Day)Christmas
79%
The Simpsons family (Homer)Bart
78%
Ivy League Colleges (Princeton)Harvard
75%
The Simpsons family (Homer)Lisa
75%
The Simpsons family (Homer)Marge
75%
Ivy League Colleges (Princeton)Yale
74%
The Simpsons family (Homer)Maggie
71%
US Federal Holidays (Labor Day)Thanksgiving
69%
Olympic Swimming Strokes (Breastroke)Backstroke
68%
Olympic Swimming Strokes (Breastroke)Butterfly
64%
The Seven Dwarfs (Sleepy)Grumpy
64%
The Seven Dwarfs (Sleepy)Doc
63%
US Federal Holidays (Labor Day)New Year's
61%
The Seven Dwarfs (Sleepy)Dopey
56%
Santa's Reindeer (Vixen)Rudolph
56%
The Seven Dwarfs (Sleepy)Happy
55%
Oceans (Indian)Atlantic
53%
Oceans (Indian)Pacific
53%
The Seven Dwarfs (Sleepy)Sneezy
53%
Ivy League Colleges (Princeton)Brown
52%
US Federal Holidays (Labor Day)Independence Day
52%
Santa's Reindeer (Vixen)Dancer
51%
Olympic Swimming Strokes (Breastroke)Freestyle
51%
Santa's Reindeer (Vixen)Prancer
51%
Chinese Zodiac Animals (Rabbit, Dragon, Snake)Dog
50%
The Seven Dwarfs (Sleepy)Bashful
49%
Santa's Reindeer (Vixen)Blitzen
49%
Chinese Zodiac Animals (Rabbit, Dragon, Snake)Rat
49%
Santa's Reindeer (Vixen)Donner
48%
Oceans (Indian)Arctic
46%
Santa's Reindeer (Vixen)Cupid
45%
Santa's Reindeer (Vixen)Comet
44%
Santa's Reindeer (Vixen)Dasher
44%
One Direction (Niall)Harry
44%
US Federal Holidays (Labor Day)Memorial Day
42%
Chinese Zodiac Animals (Rabbit, Dragon, Snake)Pig
41%
US Federal Holidays (Labor Day)Martin Luther King Day
40%
One Direction (Niall)Zayn
38%
Ivy League Colleges (Princeton)Columbia
37%
One Direction (Niall)Liam
37%
US Federal Holidays (Labor Day)Veterans Day
36%
Chinese Zodiac Animals (Rabbit, Dragon, Snake)Horse
35%
Chinese Zodiac Animals (Rabbit, Dragon, Snake)Monkey
34%
Kardashian Sisters (Kim)Khloé
33%
Chinese Zodiac Animals (Rabbit, Dragon, Snake)Tiger
33%
Chinese Zodiac Animals (Rabbit, Dragon, Snake)Ox
32%
Ivy League Colleges (Princeton)Cornell
31%
One Direction (Niall)Louis
31%
Ivy League Colleges (Princeton)Dartmouth
30%
Tonight Show Hosts (Johnny Carson)Jay Leno
30%
Kardashian Sisters (Kim)Kourtney
30%
Oceans (Indian)Southern
30%
US Federal Holidays (Labor Day)Columbus Day
28%
Chinese Zodiac Animals (Rabbit, Dragon, Snake)Rooster
27%
Ivy League Colleges (Princeton)Pennsylvania
24%
Chinese Zodiac Animals (Rabbit, Dragon, Snake)Goat
23%
Tonight Show Hosts (Johnny Carson)Jimmy Fallon
22%
Tonight Show Hosts (Johnny Carson)Conan O'Brien
18%
London Undeground Lines (Bakerloo, Waterloo & City)Northern
14%
London Undeground Lines (Bakerloo, Waterloo & City)Circle
13%
UAE Emirates (Sharjah, Umm Al Quwain)Dubai
13%
London Undeground Lines (Bakerloo, Waterloo & City)Victoria
13%
UAE Emirates (Sharjah, Umm Al Quwain)Abu Dhabi
12%
London Undeground Lines (Bakerloo, Waterloo & City)Central
12%
US Federal Holidays (Labor Day)Washington's Birthday
12%
London Undeground Lines (Bakerloo, Waterloo & City)District
11%
London Undeground Lines (Bakerloo, Waterloo & City)Piccadilly
11%
London Undeground Lines (Bakerloo, Waterloo & City)Jubilee
10%
Nobel Prizes (Peace)Chemistry
8%
Tonight Show Hosts (Johnny Carson)Jack Paar
8%
Nobel Prizes (Peace)Physics
8%
London Undeground Lines (Bakerloo, Waterloo & City)Hammersmith & City
7%
Nobel Prizes (Peace)Literature
7%
London Undeground Lines (Bakerloo, Waterloo & City)Metropolitan
7%
Nobel Prizes (Peace)Medicine
6%
Tonight Show Hosts (Johnny Carson)Steven Allen
6%
Nobel Prizes (Peace)Economics
4%
UAE Emirates (Sharjah, Umm Al Quwain)Fujairah
2%
UAE Emirates (Sharjah, Umm Al Quwain)Ajman
1%
UAE Emirates (Sharjah, Umm Al Quwain)Ras Al Khaimah
1%

Score Distribution

Percentile by Number Answered

Percent of People with Each Score

Your Score History

You have not taken this quiz since the last reset